000 00254nam a22001097a 4500
008 160519b xxu||||| |||| 00| 0 eng d
020 _a0815120877
041 _aeng
080 _a61
245 _aOperative orthopaedics:
_cS. Terry Canale;
942 _2udc
_cBK
999 _c2266
_d2266